| 000 | 00860nam a2200301Ia 4500 | ||
|---|---|---|---|
| 001 | Para_6480 | ||
| 003 | CHAP | ||
| 008 | 220125s1985 xx 000 0 und d | ||
| 010 | _a205338 | ||
| 040 | _cCHAP | ||
| 090 | _aPA FOLLETO 489 | ||
| 110 |
_aFAO _939428 |
||
| 245 |
_aDirectrices económicos para la lucha contra las plagas en la agricultura / _c por K.H. Reichelderfer, G.A. Carlson y G.A. Norton |
||
| 260 |
_aRoma : _b FAO |
||
| 300 | _a94 p. | ||
| 650 |
_aAgricultura _x plagas _91764 |
||
| 650 |
_aControl de plagas _927595 |
||
| 700 |
_aCarlson, G.A. _9165059 |
||
| 700 |
_aNorton, G.A. _981833 |
||
| 700 |
_aReichelderfer, K. H. _995728 |
||
| 901 | _aPA FOLLETO 489 | ||
| 902 | _aA | ||
| 905 | _a0000001985 i 0000000000 00 | ||
| 910 | _a1985 | ||
| 942 | _cPARA | ||
| 942 |
_cPARA _d1 |
||
| 999 |
_c205338 _d205338 |
||